Регионална библиотека "Любен Каравелов" - Русе

La litterature francaise par la dissertation (Запис номер 344798)

MARC детайли
000 -Лидер
Контролно поле с фиксирана дължина 00882nam a2200277 c 4500
003 - Код на организацията, давaща контролен номер
Контролно поле BLK
005 - Дата и час на последна редакция
Контролно поле 20190913121318.0
008 - Елементи от данни с фиксирана дължина
fixed length control field 180911b bul|||||r ||||||| ||bul||
010 ## - Наследен системен номер
LC control number 004464
040 ## - Източник на каталожния запис
Идентификатор на билиотеката - собственик на записа BLK
041 ## - Код за език
Код за езика на текст/звукозапис или на отделно заглавие Френски
080 ## - УДК
УДК - код + определител 840.09
100 1# - Редна дума - Автор
Автор ROUSTAN, Mario
Авторска отговорност първи автор
245 00 - Сведения за заглавието
Заглавие La litterature francaise par la dissertation
Том T. 1
246 ## - Различни форми на заглавието
Паралелно заглавие T. 1-
Текст за показване Le dix-septieme siecle : 614 sujets proposes
250 ## - Област на изданието
Сведения за изданието 12. ed
260 ## - Област на издателските данни
Място на издаване, разпространение и проч. Paris
Име на издателя, разпространителя и проч. Mellottee
Година на издаване s.a
300 ## - Физическа характеристика
Страници XXIV, 501 с
Размери/Мащаб 19 см
380 ## - Жанр
Жанр Литературознание
490 ## - СЕРИИ (Колекции)
Име на серия Частна колекция - Академик Михаил Арнаудов
Бележки за серията Дарение - Основен фонд
505 ## - Форматирана забележка
Заглавие Le dix-septieme siecle : 614 sujets proposes
655 ## - Ключова дума – жанр/разновидност
Данни за жанр/разновидност или ключова дума за фокус Литературознание
700 1# - Други автори (авторска отговорност)
Лично име Mario Roustan
852 ## - Местоположение
Форматна сигнатура МА 933
942 ## - АРТИКУЛИ
Вид на библиотечния материал Книги
Скрит в OPAC Не
944 ## - СЪЗДАВАНЕ И РЕДАКЦИЯ на ЗАПИСА
Създаване/Редакция Създаване
Дата на регистрацията/редакция 1996
Служител, извършил регистрацията/редакцията ValK
999 ## - СИСТЕМНИ КОНТРОЛНИ НОМЕРА
Koha biblionumber 344798
Koha biblioitemnumber 344798
Наличности
Код за отписване Код за изгубен артикул Източник на класификационната схема Код за повреда Коз за рестрикции Код за отдаване Артикулен № Име на библиотеката - собственик Име на библиотеката, в която се намира в момента Статус (Текущо местоположение) Местоположение - отдел Цена в лева Номерация (Хронология) Инвентарен номер Систематично азбучна сигнатура Баркод Номер на екземпляра Цена в евро Служебен тип на артикула
  Не е изгубен Universal Decimal Classification Не е повреден без рестрикции Специални фондове ( старопечатни, редки и ценни, фонд М. Арнаудов) 745274 Регионална библиотека "Любен Каравелов" Русе Регионална библиотека "Любен Каравелов" Русе Фонд "Михаил Арнаудов" Фонд "Михаил Арнаудов" 25.00   588343 МА 933 120000588343 1 12.78 Книги
Vip Innovations Ltd, Rousse, Bulgaria 2025